Teología Cristiana Tomo III
Henry Orton Wiley (1877-1961) fue un destacado educador y teólogo en la Iglesia del Nazareno por muchas décadas. Esta Teología cristiana en tres tomos, su magnum opus, se convirtió rápidamente en el parangón de la excelencia del siglo XX para el pensamiento sistemático arminiano wesleyano. Esta edic...
Gespeichert in:
| 1. Verfasser: | |
|---|---|
| Format: | Buch |
| Sprache: | Spanisch |
| Veröffentlicht: |
Lenexa, KS.
Casa Nazarena de Publicaciones
2015
|
| Schlagworte: | |
| Tags: |
Tag hinzufügen
Keine Tags, Fügen Sie den ersten Tag hinzu!
|
MARC
| LEADER | 00000nam a22000005a 4500 | ||
|---|---|---|---|
| 003 | CL-ChUAC | ||
| 005 | 20250318160640.0 | ||
| 007 | ta | ||
| 008 | 250312s2015 xxu||||| |||| 000 ||spa | ||
| 020 | |a 978-1-56344-665-8 | ||
| 040 | |a CL-ChBUA |b spa |c CL-ChBUA |e rda | ||
| 082 | 0 | 0 | |2 22 |a 230 |
| 100 | 1 | |a Wiley, H. Orton |e autor | |
| 245 | 1 | 0 | |a Teología Cristiana Tomo III |c H. Orton Wiley |
| 260 | |a Lenexa, KS. |b Casa Nazarena de Publicaciones |c 2015 | ||
| 300 | |a 392 páginas |c 23 centímetros | ||
| 336 | |2 rdacontent |a text |b txt | ||
| 337 | |2 rdamedia |a unmediated |b n | ||
| 338 | |2 rdacarrier |a volume |b nc | ||
| 504 | |a índice | ||
| 520 | 3 | |a Henry Orton Wiley (1877-1961) fue un destacado educador y teólogo en la Iglesia del Nazareno por muchas décadas. Esta Teología cristiana en tres tomos, su magnum opus, se convirtió rápidamente en el parangón de la excelencia del siglo XX para el pensamiento sistemático arminiano wesleyano. Esta edición se publicó gracias al generoso apoyo de Libros Pelícanos / Point Loma Press y el Centro Wesleyano de Point Loma Nazarene University. | |
| 650 | 4 | |a TEOLOGÍA CRISTIANA |x CRISTIANISMO | |
| 942 | |2 ddc |c LIB | ||
| 945 | |0 CAS | ||
| 952 | |0 0 |1 0 |2 ddc |4 0 |6 230_000000000000000_W_676_VOL_3 |7 0 |9 1179163 |a UNACH |b UNACH |c 200 |d 2025-03-12 |i 71.962 |l 0 |o 230 / W 676 Vol.3 |p 114849 |r 2025-03-12 00:00:00 |t 1 |w 2025-03-12 |y LIB |� MagRe | ||
| 999 | l | |c 2370977 |d 237097 | |